000 00886nam a2200277Ia 4500
003 GCL
008 140319s9999 xx 000 0 ara d
040 _aGCL /
_cGCL
082 0 4 _a658.83
_bم ب
100 1 _aمحمود صادق بازرعة
245 1 0 _aبحوث التسويق للتخطيط والرقابة واتخاذ القرارات التسويقية /
_cمحمود صادق بازرعة
260 _a[S.N] :
_bدار النهضة العربية ،
_c1995
300 _a361 ص
490 _a
650 0 4 _aالتجارة
650 0 4 _aالتسويق
650 0 4 _aالاسواق
650 0 4 _aالدعاية
650 0 4 _aادارة التسويق
650 0 4 _aالاستهلاك
650 0 4 _aالاسوار
650 0 4 _aاتخاذ القرارات
650 0 4 _aادارة المبيعات
650 0 4 _aخدمات التسويق
942 _2ddc
_cBK
999 _c36947
_d36947